Statistiken für Verbundene Länder auf der Weltkarte

Klicken Sie hier um das Quiz zu spielen!

Allgemein

  • Dieses Quiz wurde 3.287 mal gespielt
  • Das Durchschnittsergebnis liegt bei 14 aus 17

Antworten auf der Karte

Die Antworten werden auf der Karte rot bzw. grün angezeigt, abhängig davon wie oft sie richtig erraten wurden.
Laden ...
 

Antwortstatistiken

Land% Korrekt
China
99%
Laos
88%
Ägypten
88%
Iran
88%
Irak
87%
Kambodscha
84%
Libyen
84%
Israel
82%
Jordanien
79%
Usbekistan
78%
Kirgisistan
78%
Tschad
78%
Demokratische
Republik Kongo
78%
Turkmenistan
77%
Namibia
74%
Angola
73%
Zentralafrikanische
Republik
70%

Verteilung der Resultate

Perzentil nach korrekt beantworteten Fragen

Anzahl Personen mit jedem Resultat

Ihre Resultats-Entwicklung

Sie haben dieses Quiz noch nicht gespielt